| 000 | 00646nam a2200193 a 4500 | ||
|---|---|---|---|
| 001 | 000022469 | ||
| 005 | 20240315194914.0 | ||
| 008 | 101011s2004 dr c 000 0 spa d | ||
| 020 | _a99934320803 | ||
| 040 |
_aDO-SdBNP _bspa _cBNPHU |
||
| 082 |
_axxx _bG182m |
||
| 100 | 1 |
_aGalván, Héctor _933971 |
|
| 245 | 1 | 0 |
_aMi amigo Leonel / _cHéctor Galván ; prólogo Juan Temistoclés Montás. |
| 260 |
_aSanto Domingo : _bLetra Gráfica, _c2004. |
||
| 300 |
_a172 p. : _bretr. ; _c24 cm. |
||
| 500 | _aIncluye datos biográficos del autor en la solapa de la cubierta | ||
| 700 | 1 |
_aMontás, Juan Temístocles _d1950- _epról. _979676 |
|
| 049 | _aBNPD | ||
| 999 |
_c21967 _d21967 |
||